A building mission

Bibliographic Details
Main Author: Miller, Shannon McClintock
Other Authors: Brown, Alan, Hoena, Blake
Format: Book
Published: Subang Jaya : Bright Publications Sdn Bhd , 2020
Series:Bright stem adventures series
Subjects:

MARC

LEADER 00000cam a2200000 7i4500
001 0000278384
005 20200910155035.0
020 |a 9789672260134 
090 0 0 |a JF   |b MIL 
100 1 |a Miller, Shannon McClintock 
245 1 2 |a A building mission   |c written by Shannon McClintock Miller and Blake Hoena ; illustrated by Alan Brown 
260 |a Subang Jaya :   |b Bright Publications Sdn Bhd ,   |c 2020 
300 |a 32p. :   |b ill. ;   |c 23cm. 
490 0 |a Bright stem adventures series 
650 0 |a Comic books and teenagers 
650 0 |a Comic books, strips, etc 
700 1 |a Brown, Alan 
700 1 |a Hoena, Blake 
999 |a 00384825   |b BUKU   |c PINJAMAN   |e PERPUSTAKAAN KOMUNITI PETALING JAYA